Cargando...
Statistical methods for rates and proportions
| Autor Principal: | |
|---|---|
| Outros autores: | , |
| Formato: | Printed Book |
| Idioma: | Undetermined English |
| Publicado: |
USA
Wiley Interscience
2003
|
| Edición: | 3 |
| Subjects: |
| LEADER | 00675nam a2200217Ia 4500 | ||
|---|---|---|---|
| 008 | 140306s9999 xx 000 0 und d | ||
| 020 | |a 0471526290 | ||
| 041 | |a eng | ||
| 082 | |a 519.538 |b FLE/ST | ||
| 100 | |a Cho PAik, Myunghee | ||
| 245 | |a Statistical methods for rates and proportions | ||
| 250 | |a 3 | ||
| 260 | |a USA |b Wiley Interscience |c 2003 | ||
| 300 | |a 759 | ||
| 365 | |b Rs. 4647.68/- | ||
| 650 | |a Analysis of Correlated Binary Data | ||
| 700 | |a Fleiss, Joseph L. | ||
| 700 | |a Levin, Bruce | ||
| 942 | |2 ddc |c BK | ||
| 999 | |c 186707 |d 186707 | ||
| 952 | |0 0 |1 0 |2 ddc |4 0 |6 519_538000000000000_FLE_ST |7 0 |9 192716 |a KAUCBV |b KAUCBV |g 4647.68 |o 519.538 FLE/ST |r 2014-03-22 |w 2014-03-22 |y BK | ||